| 000 | 00378nam a22001577a 4500 | ||
|---|---|---|---|
| 005 | 20160628123617.0 | ||
| 008 | 160628b xxu||||| |||| 00| 0 eng d | ||
| 041 | _aeng | ||
| 082 | _b10772 | ||
| 100 |
_aAhuja, B.N. _93040 |
||
| 245 | _aTheory and Practice of Journalism | ||
| 260 | _bsurjeet Publications | ||
| 300 | _a364 | ||
| 650 |
_aMass Communication _92660 |
||
| 942 | _cBK | ||
| 999 |
_c4412 _d4411 |
||